PÁTÁ (Hospodářský vývoj v Československu v letech 1971-1975, v období páté pětiletky)

Nadväznosť na článok v č. 4/2005. Hospodársky vývoj v Československu v období rokov piatej päťročnice v rokoch 1971-1975. Plán ekonomického rozvoja založený na súlade medzi tvorbou zdrojov a ich využitím. Priemysel a jeho odvetvia. Poľnohospodárska výroba. Potravinársky priemysel. Lesné a vodné hos...

Descrizione completa

Salvato in:
Dettagli Bibliografici
Autore principale: Sekanina, Milan
Natura: Capitolo di libro
Lingua:ceco
Soggetti:
Tags: Aggiungi Tag
Nessun Tag, puoi essere il primo ad aggiungerne!!

MARC

LEADER 00000naa$a2200000$$$4500
001 0043475
005 20231107114808.8
041 0 |a cze 
044 |a CZ 
245 1 0 |a PÁTÁ (Hospodářský vývoj v Československu v letech 1971-1975, v období páté pětiletky)  |c Milan Sekanina 
520 |a Nadväznosť na článok v č. 4/2005. Hospodársky vývoj v Československu v období rokov piatej päťročnice v rokoch 1971-1975. Plán ekonomického rozvoja založený na súlade medzi tvorbou zdrojov a ich využitím. Priemysel a jeho odvetvia. Poľnohospodárska výroba. Potravinársky priemysel. Lesné a vodné hospodárstvo. Zahraničný obchod. ČSR a SSR. 
610 2 0 |a vývoj hospodársky 
610 2 0 |a Československo 
610 2 0 |a hospodárstvo národné 
610 2 0 |a hospodárstvo socialistické 
610 2 0 |a socializmus 
610 2 0 |a socializmus rozvinutý 
610 2 0 |a odvetvia priemyselné 
610 2 0 |a odvetvia činnosti ekonomickej 
610 2 0 |a politika hospodárska 
610 2 0 |a 1971-1975 
100 1 |a Sekanina, Milan